| 000 | 02388nam a2200349 i 4500 | ||
|---|---|---|---|
| 003 | AGN | ||
| 005 | 20260519120615.0 | ||
| 007 | ta | ||
| 008 | 260519e2025 dr ||||gro||||||| |bspa ||spa| | ||
| 020 | _a9789945251562 | ||
| 040 |
_aAGN _bspa _cDO-SdBNP _erda _dBNPHU |
||
| 041 | _aspa | ||
| 082 |
_aRD 861.5 _2D294o 2025 _b22 |
||
| 245 |
_aLa décima oral en el folklore lírico dominicano / _ccoordinadora y compiladora Emelda Ramos. [y otros cuatro]. |
||
| 264 |
_aSanto Domingo, República Dominicana : _bArchivo General de la Nación, _c2025. |
||
| 300 |
_a172 páginas ; _c23 x 15 cm. |
||
| 336 |
_atexto _btxt _2rdacontent |
||
| 337 |
_asin mediación _bn _2rdamedia |
||
| 338 |
_avolumen _bnc _2rdacarrier |
||
| 490 | 0 |
_aArchivo General de la Nación ; _vvolumen 562 |
|
| 500 | _aIncluye una pequeña biografía de la autora en la solapa. | ||
| 505 | 0 | _aLa décima oral en el folklore lírico dominicano, Emelda Ramos 11-- Bibliografía 17 -- Décimas encontradas y sus Decimadores 21. | |
| 520 | _aLa décima oral es una forma de expresión cultural y literaria que ha perdurado a lo largo de la historia del folklore dominicano. Esta forma de poesía, que consiste en diez versos octosílabos con rima consonante, ha sido utilizada por los dominicanos para expresar sentimientos, reflexiones y experiencias de vida. La décima oral es considerada una parte valiosa del patrimonio cultural intangible del pueblo dominicano, y su transmisión de generación en generación es crucial para la preservación de su identidad cultural. Sin embargo, la décima oral enfrenta la amenaza de extinción, ya que muchos de los cantadores ancestrales han perdido su habilidad para recitarla. La obra de Emelda Ramos, "La décima oral, en el folklor lírico dominicano", es un esfuerzo intelectual y cultural para preservar y promover esta forma de poesía en la actualidad. | ||
| 590 | _aInventariado, 2026/WG. | ||
| 650 |
_969458 _aLiteratura dominicana _xDécimas |
||
| 650 |
_aFolklore dominicano _989657 |
||
| 700 | 1 |
_aRamos, Emelda, _d1948- _93522 _ecoordinadora _ecompiladora _ecuidado de la edición |
|
| 700 | 1 |
_dFernández Vásquez, Yahaira _ediagramación _ediseño de portada _eilustración _999113 |
|
| 700 | 1 |
_dCapellán Ferreira, William _ecorrección de estilo _999322 |
|
| 710 |
_aÁrea de Publicaciones _ecuidado de la edición _989658 |
||
| 942 |
_2ddc _cLBS1 |
||
| 999 |
_c60780 _d60780 |
||